00379nam a22001455a 450000500170000001000170001702000230003403500170005703700080007408200120008224500290009426000410012330000380016449000310020220100908151546.0 aB-413776-790 a8189449141c295.00 aB-413776-790 bUBH a915.404 aSpecial holiday in India aNew Delhi bOutlook Pubishing c2009 a494 p. bcol. ill. ;c21 cm(pbk)  aOutlook traveller getaways